Foods that Start with Z - Statistics

General Stats
  • This quiz has been taken 101 times
  • The average score is 3 of 10
Answer Stats
Picture Answer % Correct
Zucchini
98%
Zest
75%
Ziti
37%
Zinger
29%
Zopf
10%
Zander Fish
5%
Zoni
4%
Zwieback
4%
Zerde
3%
Zampone
2%
No matching quizzes found
Score Distribution
Percent of People with Each Score
Percentile by Number Answered
Your Score History
You have not taken this quiz